Złota Piłka 2006 - Top 10 - Statystyki

Ogólne statystyki
  • Ten quiz został rozwiązany 322 razy
  • Średni wynik to 8 z 10
Statystyki odpowiedzi
Lp. Klub Kraj Zawodnik % Poprawnych
8 Chelsea WKS Didier Drogba
96%
6 Barcelona Kamerun Samuel Eto'o
94%
5 Real Madryt Francja Zinedine Zidane
94%
4 Barcelona Brazylia Ronaldinho
93%
3 Arsenal Francja Thierry Henry
93%
1 Real Madryt Włochy Fabio Cannavaro
90%
2 Juventus Włochy Gianluigi Buffon
79%
9 Milan Włochy Andrea Pirlo
72%
7 Werder Niemcy Miroslav Klose
52%
10 Arsenal Niemcy Jens Lehmann
38%
Nie znaleziono quizów pasujących do podanych kryteriów
Rozkład punktacji
Procent ludzi z każdym wynikiem
Percentyl według liczby udzielonych odpowiedzi
Twoja historia wyników
Nie rozwiązałeś tego quizu